=LDR 00000nam 2200000 4500 =001 INLIS000000000056732 =005 20201106093303 =035 ##$$a 0010-0920000363 =008 201106################g##########0#ind## =041 ##$$a Ind =082 ##$$a 306.095 98 =090 ##$$a 306.095 98, Kaj k =245 ##$$a Kajian Nilai Budaya naskah Kuno Sekartaji /$c Dra. Siti Dloyana Kusumah {at.all} =260 ##$$a Jakarta :$b Depdikbud,$c 1997 =300 ##$$a ix, 241 hlm, ; $c 15 x 21 cm =650 #4$$a Kebudayaan - Indonesia =700 #$$a Kusumah, Siti Dloyana {at.all} =850 ##$$a NBPNMAT =084 ##$$a 306.095 98 KAJ k =250 ##$$a ed.1 =504 ##$$a Bibliografi : hlm, 241-242 =990 ##$$a 125.306/hd-98 =990 ##$$a 125.305/Hd-98